000
00219nam a22001217a 4500
040
_c
HS
082
_a
111
100
_a
NA
245
_a
Englsih for agriculture
260
_a
RUA
_b
NA
_c
NA
300
_a
55p;
942
_c
EK
999
_c
9486
_d
9486